000 00803cam a22002414a 4500
001 11797892
005 20180315105050.0
008 990928s2000 nyu 000 0 eng
010 _a 99049306
020 _a0786866020
040 _aDLC
_cDLC
_dDLC
041 _aeng
042 _apcc
080 _a658.314 STE
082 0 0 _a658.314 STE
_221
100 1 _a54
101 _aMAN
245 1 0 _aFish! :
_cby Stephen C. Lundin, Harry Paul, and John Christensen.
906 _a7
_bcbc
_corignew
_d1
_eocip
_f19
_gy-gencatlg
942 _2ddc
_cBK
999 _c45178
_d45178